MARC

LEADER 00000nam0a2200000 4500
001 81894
005 20231031095410.0
020 |a RU  |b 86-77355 
035 |a (RuTPU)RU\TPU\book\88023 
090 |a 81894 
100 |a 20050924d1986 m y0rusy5003 ca 
101 0 |a rus 
102 |a RU 
105 |a y z 000zy 
200 1 |a Педагогическая поэма  |f А. Макаренко  |g [Худож. А. Слепков] 
210 |a Москва  |c Дет. лит.  |d 1986 
215 |a 621,[1] с.  |c ил.  |d 21 см 
225 1 |a Школьная библиотека 
610 0 |a Детские исправительные трудовые колонии (д. л.) 
610 0 |a Беспризорные дети (д. л.) 
610 0 |a Педагоги в СССР (д. л.) 
610 0 |a Коммунистическое воспитание (д. л.) 
675 |a Р2  |z rus 
700 1 |a Макаренко  |b А. С.  |g Антон Семенович 
801 0 |a RU  |b RuMRKP  |c 19950704  |g psbo 
801 1 |a RU  |b 63413507  |c 20050924  |g PSBO 
801 2 |a RU  |b 63413507  |c 20050924  |g PSBO 
942 |c BK